[Event "CZE-chT2D 1213"]
[Site "Czech Republic"]
[Date "2013.01.06"]
[Round "6.8"]
[White "Komarkova, Magdalena"]
[Black "Mojzis, Martin"]
[Result "1/2-1/2"]
[WhiteElo "2063"]
[BlackElo "2017"]
[PlyCount "76"]
[EventDate "2012.10.14"]
[EventType "team-tourn"]
[EventRounds "11"]
[EventCountry "CZE"]
[SourceTitle "EXT 2016"]
[Source "ChessBase"]
[SourceDate "2015.10.08"]
[SourceVersion "1"]
[SourceVersionDate "2015.10.08"]
[SourceQuality "1"]
[WhiteTeam "Chrudim"]
[BlackTeam "Pardubice Rapid II"]
[WhiteTeamCountry "CZE"]
[BlackTeamCountry "CZE"]

1. e4 e5 2. Nf3 Nc6 3. Bb5 a6 4. Ba4 Nf6 5. 0-0 Be7 6. c3 Nxe4 7. Re1 Nc5 8. Bxc6 dxc6 9. Nxe5 0-0 10. d4 Nd7 11. Bf4 Nb6 12. Nd2 Nd5 13. Bg3 Be6 14. Qf3 Bg5 15. Ne4 Be7 16. Nc5 Bc8 17. Rad1 f6 18. Ned3 Bd6 19. h3 Re8 20. Rxe8+ Qxe8 21. Re1 Qf7 22. Bxd6 cxd6 23. Ne4 Qf8 24. Nf4 Nc7 25. Nd2 Bd7 26. Nc4 Re8 27. Rxe8 Nxe8 28. Qe2 c5 29. Nb6 Bf5 30. dxc5 dxc5 31. Qc4+ Kh8 32. Qd5 Bb1 33. Ne6 Qe7 34. a3 h6 35. Nd7 Ba2 36. Qxa2 Qxd7 37. Qc4 b6 38. Qe4 a5 1/2-1/2

[Event "Novy Bor op"]
[Site "Novy Bor"]
[Date "2011.02.13"]
[Round "2"]
[White "Kozak, Milos"]
[Black "Mojzis, Martin"]
[Result "1-0"]
[WhiteElo "2220"]
[BlackElo "2020"]
[PlyCount "129"]
[EventDate "2011.02.12"]
[EventType "swiss"]
[EventRounds "9"]
[EventCountry "CZE"]
[SourceTitle "CBM 140 Extra"]
[Source "ChessBase"]
[SourceDate "2011.03.01"]
[SourceVersion "1"]
[SourceVersionDate "2011.03.01"]
[SourceQuality "1"]

1. d4 d5 2. c4 e6 3. Nf3 c5 4. cxd5 exd5 5. g3 Nc6 6. Bg2 Nf6 7. 0-0 Be7 8. Nc3 0-0 9. dxc5 Bxc5 10. Na4 Be7 11. Be3 Be6 12. Nc5 Bg4 13. Nxb7 Qc7 14. Nc5 Rac8 15. Nd3 Rfd8 16. Rc1 Qa5 17. a3 Ne4 18. Rxc6 Rxc6 19. Nfe5 Bd7 20. Nxd7 Rxd7 21. Ne5 Rdc7 22. Nxc6 Rxc6 23. b4 Qb5 24. Bxe4 dxe4 25. Qd7 Bf8 26. Qe8 Qa6 27. Qxe4 Rc8 28. Qd3 Qb7 29. Rd1 g6 30. Qd7 Rc7 31. Qd8 Rc8 32. Qd7 Rc7 33. Qe8 Re7 34. Qd8 Qe4 35. Qb8 Re8 36. Qxa7 Qc2 37. Qd7 Qxe2 38. Qxe8 Qxd1+ 39. Kg2 Qd5+ 40. Kh3 Qh5+ 41. Kg2 Qd5+ 42. f3 Qa2+ 43. Bf2 Kg7 44. Qe5+ Kg8 45. Qe3 h5 46. h4 Kh7 47. Qa7 Bg7 48. b5 Bb2 49. a4 Bc3 50. Qe3 Bb4 51. Qe8 Bc5 52. Qe1 Bxf2 53. Qxf2 Qxa4 54. Qb2 Qa7 55. b6 Qb7 56. Qb5 Kg7 57. Qc5 Qd7 58. Qc3+ Kh7 59. Qb2 Qb7 60. Kf2 Kg8 61. Qd4 Qa6 62. Ke3 Qa3+ 63. Kf4 Qc1+ 64. Qe3 Kh7 65. Qxc1 1-0

[Event "Pardubice tt"]
[Site "Pardubice"]
[Date "2009.07.18"]
[Round "5"]
[White "Mojzis, Martin"]
[Black "Novotny, Michal"]
[Result "0-1"]
[WhiteElo "2066"]
[BlackElo "2300"]
[PlyCount "68"]
[EventDate "2009.07.16"]
[EventType "team-swiss"]
[EventRounds "7"]
[EventCountry "CZE"]
[SourceTitle "EXT 2010"]
[Source "ChessBase"]
[SourceDate "2010.11.25"]
[SourceVersion "1"]
[SourceVersionDate "2010.11.25"]
[SourceQuality "1"]

1. e4 c5 2. d3 e6 3. Nf3 Nc6 4. Nbd2 Be7 5. g3 h5 6. Bg2 h4 7. 0-0 d6 8. Re1 hxg3 9. hxg3 e5 10. Nf1 Bh3 11. Bh1 Qd7 12. N1h2 0-0-0 13. c3 Nh6 14. d4 Ng4 15. d5 Nb8 16. b4 Qc7 17. Re2 Nd7 18. Rb2 Kb8 19. Qe2 Rc8 20. b5 Qd8 21. Rb3 Qg8 22. Rab1 Qh7 23. Qc2 Nxh2 24. Nxh2 f5 25. Ra3 Bd8 26. c4 Bb6 27. Bb2 Rcf8 28. Bc3 f4 29. Ba5 Bg4 30. f3 fxg3 31. fxg4 Rf2 32. Qxf2 gxf2+ 33. Kxf2 Qxh2+ 34. Bg2 Rf8+ 0-1

[Event "Pardubice tt"]
[Site "Pardubice"]
[Date "2009.07.18"]
[Round "4"]
[White "Urban, Zdenek"]
[Black "Mojzis, Martin"]
[Result "0-1"]
[WhiteElo "2155"]
[BlackElo "2066"]
[PlyCount "88"]
[EventDate "2009.07.16"]
[EventType "team-swiss"]
[EventRounds "7"]
[EventCountry "CZE"]
[SourceTitle "EXT 2010"]
[Source "ChessBase"]
[SourceDate "2010.11.25"]
[SourceVersion "1"]
[SourceVersionDate "2010.11.25"]
[SourceQuality "1"]

1. e4 e5 2. Nf3 Nc6 3. Bb5 a6 4. Ba4 Nf6 5. 0-0 b5 6. Bb3 Be7 7. Re1 d6 8. c3 0-0 9. h3 Re8 10. d4 Bb7 11. d5 Nb8 12. Nbd2 c6 13. dxc6 Bxc6 14. Bc2 Nbd7 15. Nf1 Bf8 16. g4 d5 17. Ng3 dxe4 18. Nxe4 Nxe4 19. Bxe4 Bxe4 20. Rxe4 Qc7 21. Re2 Qc6 22. Ng5 Nc5 23. Qc2 e4 24. f3 Rad8 25. Nxe4 Nxe4 26. fxe4 Bc5+ 27. Kg2 g6 28. Bh6 Qf6 29. Rf1 Qh4 30. Qc1 Rd3 31. Be3 Rxe4 32. Rf3 Qe7 33. Kf2 Qe5 34. Rg3 Qf4+ 35. Rf3 Bxe3+ 36. Rexe3 Qh2+ 37. Ke1 Qg1+ 38. Ke2 Qxc1 39. Kxd3 Rxe3+ 40. Rxe3 Qxb2 41. Re2 Qb1+ 42. Kd4 Qf1 43. Re3 Qf4+ 44. Re4 Qd2+ 0-1

[Event "CZE-chT2C 0809"]
[Site "Czech Republic"]
[Date "2009.02.22"]
[Round "9.7"]
[White "Michalek, Frantisek"]
[Black "Mojzis, Martin"]
[Result "0-1"]
[WhiteElo "2141"]
[BlackElo "2026"]
[PlyCount "108"]
[EventDate "2008.10.12"]
[EventType "tourn"]
[EventRounds "11"]
[EventCountry "CZE"]
[SourceTitle "EXT 2010"]
[Source "ChessBase"]
[SourceDate "2010.11.25"]
[SourceVersion "1"]
[SourceVersionDate "2010.11.25"]
[SourceQuality "1"]
[WhiteTeam "Kolin"]
[BlackTeam "Polabiny III"]
[WhiteTeamCountry "CZE"]
[BlackTeamCountry "CZE"]

1. e4 e5 2. Nf3 Nc6 3. Bb5 a6 4. Bxc6 dxc6 5. Nc3 f6 6. d4 exd4 7. Qxd4 Qxd4 8. Nxd4 Bd6 9. Be3 Ne7 10. 0-0-0 Bd7 11. Nb3 0-0-0 12. Nc5 Bxc5 13. Bxc5 Ng6 14. f3 b6 15. Bf2 Be6 16. a3 Ne7 17. Rhe1 g5 18. Bd4 Rhf8 19. Ne2 c5 20. Bc3 Nc6 21. Rxd8+ Kxd8 22. Ng3 Ke7 23. Nf5+ Kf7 24. Ne3 Rd8 25. h3 Nd4 26. Nf1 Bc4 27. Ng3 Kg6 28. Rd1 h5 29. Bxd4 cxd4 30. Nf5 c5 31. c3 Be6 32. cxd4 Bxf5 33. exf5+ Kxf5 34. d5 Rd6 35. g4+ hxg4 36. fxg4+ Ke5 37. h4 gxh4 38. Rh1 Rxd5 39. Rxh4 Kf4 40. Rh6 Rd6 41. Rg6 b5 42. Kc2 a5 43. b3 Ke4 44. a4 b4 45. Rh6 Ke5 46. Rh5+ Kd4 47. Rh6 Re6 48. g5 Re2+ 49. Kd1 Rf2 50. Rxf6 Rg2 51. g6 Kc3 52. Rf3+ Kb2 53. Rf5 Kxb3 54. Rxc5 Kxa4 0-1

[Event "CZE-chT2C 0809"]
[Site "Czech Republic"]
[Date "2009.01.11"]
[Round "6.6"]
[White "Dolezal, Martin1"]
[Black "Mojzis, Martin"]
[Result "0-1"]
[WhiteElo "2026"]
[BlackElo "2026"]
[PlyCount "116"]
[EventDate "2008.10.12"]
[EventType "tourn"]
[EventRounds "11"]
[EventCountry "CZE"]
[SourceTitle "EXT 2010"]
[Source "ChessBase"]
[SourceDate "2010.11.25"]
[SourceVersion "1"]
[SourceVersionDate "2010.11.25"]
[SourceQuality "1"]
[WhiteTeam "Vysehrad III"]
[BlackTeam "Polabiny III"]
[WhiteTeamCountry "CZE"]
[BlackTeamCountry "CZE"]

1. e4 e5 2. Nf3 Nc6 3. Bb5 a6 4. Ba4 Nf6 5. 0-0 b5 6. Bb3 Be7 7. Re1 d6 8. c3 0-0 9. h3 Re8 10. d3 Na5 11. Bc2 c5 12. Nbd2 Bf8 13. Nf1 Nc6 14. Ng3 Bd7 15. a4 b4 16. d4 Qc7 17. d5 Na5 18. Bg5 Be7 19. cxb4 cxb4 20. Rc1 Rec8 21. Nd2 Nxd5 22. exd5 Bxg5 23. Bxh7+ Kxh7 24. Rxc7 Rxc7 25. Qh5+ Bh6 26. Nde4 g6 27. Qf3 f5 28. Nxd6 e4 29. Qd1 Kg8 30. Qd4 Rb8 31. Qf6 Kh7 32. Nf7 Bg7 33. Qd6 Rbc8 34. Qxb4 Nc4 35. b3 Nb2 36. Qd6 Nd3 37. Rf1 a5 38. Ng5+ Kh6 39. Ne6 Be5 40. Qb6 Bxe6 41. dxe6 Rc6 42. Qxa5 Rxe6 43. Qd5 Rd6 44. Qf7 Rdc6 45. h4 e3 46. Qd5 Rd6 47. Qf3 exf2+ 48. Kh1 Rd4 49. Qe3+ Kh7 50. Qg5 Rc7 51. Nxf5 gxf5 52. Qxf5+ Kg8 53. Qe6+ Rf7 54. g4 Rdf4 55. Qg6+ Rg7 56. Qxd3 Rfxg4 57. Qc4+ Rxc4 58. bxc4 Bd4 0-1

[Event "CZE-chT2c 0405"]
[Site "Czech Republic"]
[Date "2005.03.20"]
[Round "10.6"]
[White "Mojzis, Martin"]
[Black "Kolomaznik, Jan"]
[Result "0-1"]
[WhiteElo "1977"]
[BlackElo "1996"]
[PlyCount "156"]
[EventDate "2004.10.17"]
[EventType "team-tourn"]
[EventRounds "11"]
[EventCountry "CZE"]
[SourceTitle "EXT 2007"]
[Source "ChessBase"]
[SourceDate "2006.11.23"]
[SourceVersion "1"]
[SourceVersionDate "2006.11.23"]
[SourceQuality "1"]
[WhiteTeam "Polabiny"]
[BlackTeam "Kutna Hora"]
[WhiteTeamCountry "CZE"]
[BlackTeamCountry "CZE"]

1. d4 d5 2. Nf3 Nf6 3. e3 Bf5 4. Bd3 Bg6 5. 0-0 e6 6. Re1 Bd6 7. c3 0-0 8. Bxg6 hxg6 9. Nbd2 c5 10. e4 Nfd7 11. dxc5 Nxc5 12. exd5 exd5 13. Nd4 Nc6 14. N2f3 Re8 15. Be3 a6 16. Qc2 Qc7 17. h3 Rad8 18. Rad1 Ne5 19. Nxe5 Bxe5 20. Nf3 Bf6 21. Bd4 Ne4 22. Bxf6 gxf6 23. Nd4 Kg7 24. Re3 f5 25. Nf3 b5 26. Qd3 Qc4 27. Qd4+ Qxd4 28. Nxd4 Nd6 29. Red3 Nc4 30. b3 Nb2 31. Nc6 Rc8 32. Nb4 Nxd1 33. Rxd1 Rxc3 34. Nxd5 Rc2 35. Nb4 Rb2 36. Nxa6 Rxa2 37. Nc7 Ree2 38. Rf1 Re5 39. Rb1 Ra7 40. Rc1 Kf8 41. Rc6 Ke7 42. f4 Re2 43. Nxb5 Raa2 44. Nc3 Rxg2+ 45. Kh1 Rh2+ 46. Kg1 Rag2+ 47. Kf1 Rb2 48. Kg1 Rxh3 49. b4 Kd7 50. Rc4 Rc2 51. Rd4+ Ke6 52. Nb5 Rb3 53. Rd1 Kf6 54. Nd4 Rg3+ 55. Kf1 Rb2 56. b5 Kg7 57. Ne2 Rf3+ 58. Ke1 Re3 59. Rd2 Rxb5 60. Kf2 Rbb3 61. Nd4 Rbd3 62. Rc2 Rc3 63. Rd2 Red3 64. Ke2 Rxd2+ 65. Kxd2 Ra3 66. Ke2 Kh6 67. Nb5 Rb3 68. Nd6 f6 69. Ne8 Rb6 70. Nc7 Kh5 71. Nd5 Rd6 72. Ne3 Re6 73. Kf3 Rxe3+ 74. Kxe3 Kg4 75. Kf2 Kxf4 76. Kg2 Ke3 77. Kf1 Kf3 78. Kg1 Ke2 0-1

[Event "CZE-chT2c 0405"]
[Site "Czech Republic"]
[Date "2005.03.06"]
[Round "9.8"]
[White "Smutny, Jan"]
[Black "Mojzis, Martin"]
[Result "1-0"]
[WhiteElo "2142"]
[BlackElo "1977"]
[PlyCount "77"]
[EventDate "2004.10.17"]
[EventType "team-tourn"]
[EventRounds "11"]
[EventCountry "CZE"]
[SourceTitle "EXT 2007"]
[Source "ChessBase"]
[SourceDate "2006.11.23"]
[SourceVersion "1"]
[SourceVersionDate "2006.11.23"]
[SourceQuality "1"]
[WhiteTeam "AVE Kontakt"]
[BlackTeam "Polabiny"]
[WhiteTeamCountry "CZE"]
[BlackTeamCountry "CZE"]

1. e4 c5 2. d4 cxd4 3. c3 Nf6 4. e5 Nd5 5. Bc4 Nb6 6. Bb3 Nc6 7. cxd4 d6 8. exd6 Qxd6 9. Nf3 e6 10. 0-0 Be7 11. Nc3 0-0 12. Ne4 Qd8 13. a3 Nd5 14. Qd3 b6 15. Bc2 g6 16. Bh6 Re8 17. Rac1 Bb7 18. Ba4 Rc8 19. Ne5 Nxe5 20. dxe5 Nc3 21. Qxd8 Ne2+ 22. Kh1 Rexd8 23. Rxc8 Bxc8 24. Be3 Ba6 25. Rd1 Kg7 26. Nd6 f6 27. Bh6+ Kxh6 28. Nf7+ Kh5 29. Nxd8 Nf4 30. Rd7 Bc5 31. Rxh7+ Kg4 32. f3+ Kf5 33. Nf7 fxe5 34. Bc2+ Kf6 35. Nh6 Nd3 36. Bxd3 Bxd3 37. h4 e4 38. Ng4+ Kf5 39. Rf7# 1-0

[Event "Nachod op 7th"]
[Site "Nachod"]
[Date "2001.??.??"]
[Round "4"]
[White "Mojzis, Martin"]
[Black "Dostal, Pavel"]
[Result "0-1"]
[WhiteElo "1875"]
[BlackElo "2050"]
[PlyCount "80"]
[EventDate "2001.??.??"]
[EventType "swiss"]
[EventRounds "9"]
[EventCountry "CZE"]
[SourceTitle "EXT 2007"]
[Source "ChessBase"]
[SourceDate "2006.11.23"]
[SourceVersion "1"]
[SourceVersionDate "2006.11.23"]
[SourceQuality "1"]

1. d4 Nf6 2. Nf3 e6 3. e3 b6 4. Bd3 Bb7 5. Nbd2 d5 6. 0-0 Bd6 7. Re1 Ne4 8. c3 Nd7 9. Qc2 f5 10. Nf1 0-0 11. N3d2 Qh4 12. g3 Qh3 13. Be2 g5 14. Bf3 g4 15. Bg2 Qh6 16. Nb3 Qf6 17. Bd2 Qg6 18. Nc1 Ba6 19. Nd3 Bxd3 20. Qxd3 h5 21. c4 Kg7 22. b4 h4 23. c5 Be7 24. Rec1 hxg3 25. fxg3 b5 26. Qxb5 Qh6 27. Qe2 Rh8 28. b5 Rh7 29. a4 Rah8 30. Be1 Qg6 31. a5 Rh6 32. b6 Qh7 33. Bh1 c6 34. bxa7 Ng5 35. Bg2 Rxh2 36. Nxh2 Qxh2+ 37. Kf1 Nf6 38. Rab1 Nh3 39. Bxh3 Qh1+ 40. Kf2 Ne4# 0-1

[Event "Nachod op 7th"]
[Site "Nachod"]
[Date "2001.??.??"]
[Round "3"]
[White "Most, Zdenek"]
[Black "Mojzis, Martin"]
[Result "1/2-1/2"]
[WhiteElo "2090"]
[BlackElo "1875"]
[PlyCount "45"]
[EventDate "2001.??.??"]
[EventType "swiss"]
[EventRounds "9"]
[EventCountry "CZE"]
[SourceTitle "EXT 2007"]
[Source "ChessBase"]
[SourceDate "2006.11.23"]
[SourceVersion "1"]
[SourceVersionDate "2006.11.23"]
[SourceQuality "1"]

1. d4 Nf6 2. Nf3 g6 3. g3 Bg7 4. c4 0-0 5. Nc3 d6 6. Bg2 Nc6 7. 0-0 a6 8. d5 Na5 9. Nd2 c5 10. a3 Qc7 11. h3 Rb8 12. Qc2 b5 13. b3 b4 14. axb4 cxb4 15. Nd1 Ra8 16. Bb2 Nb7 17. e4 Nc5 18. Ne3 Ra7 19. Kh2 a5 20. f4 Bd7 21. e5 Ne8 22. exd6 Nxd6 23. Bxg7 1/2-1/2